Santiago de Liniers (Registro nro. 394)
[ vista simple ]
| 000 -CABECERA | |
|---|---|
| fixed length control field | 00351nam a2200133Ia 4500 |
| 008 - ELEMENTOS DE LONGITUD FIJA-INFORMACION GENERAL | |
| fixed length control field | 221202s9999 xx 000 0 und d |
| 040 ## - FUENTE DE CATALOGACION | |
| Agencia de catalogación original | AR-BeUNQ |
| Idioma de catalogación | ESPAÑOL |
| Convenciones de la descripción | aacr |
| 100 ## - ASIENTO PRINCIPAL-NOMBRE PERSONAL | |
| Nombre personal | Luna, Felix |
| 245 #0 - MENCION DE TITULO | |
| Título | Santiago de Liniers |
| 250 ## - MENCION DE EDICION | |
| Mención de edición | 1a ed. |
| 260 ## - PUBLICACION, DISTRIBUCION, ETC. | |
| Lugar de publicación, distribución, etc. | Buenos Aires |
| Nombre del editor, distribuidor, etc. | Planeta |
| 490 ## - MENCION DE SERIE | |
| Mención de serie | Grandes Protagonistas de la Historia Argentina |
| 942 ## - ELEMENTOS DE PUNTO DE ACCESO ADICIONAL (KOHA) | |
| Tipo de ítem Koha | Libros |
| Suppress in OPAC | 0 |
No hay ítems disponibles.